Pálinka mint kulturális örökség

Bibliographic Details
Main Author: Petrovics Anna
Other Authors: Totth Dr. Gedeon
Format: Project work
Kulcsszavak:alkoholizmus
diagramok
kvantitatív módszerek
pálinkafogyasztási szokások
primer vizsgálatok
SPSS
szekunder piackutatás
Online Access:http://dolgozattar.uni-bge.hu/59001

MARC

LEADER 00000nnm a2200000 i 4500
001 dolg59001
005 20251027142751.0
008 251027suuuu hu o 000 hun d
040 |a BGE Dolgozattár Repozitórium  |b hun 
041 |a hu 
100 1 |a Petrovics Anna 
245 1 0 |a Pálinka mint kulturális örökség  |c Petrovics Anna  |h [elektronikus dokumentum] 
516 |a Project_work 
520 3 |a Záródolgozatomban a pálinka történetét, megítélését és értékét vizsgálom Magyarország viszonylatában. A szekunder kutatáson túl, melyhez remek alapot szolgáltattak a szakirodalmak, tanulmányok és cikkek. Konzulensem, Dr. Totth. Gedeon előzetes kutatásai és konzultációkon nyújtott segítsége is hozzájárult a dolgozat elkészüléséhez. Ezentúl, primer kutatást is végeztem, kérdőíves megkérdezés formájában. Nagyon érdekes visszajelzéseket kaptam, melyet tovább elemeztem SPSS segítségével. 
695 |a alkoholizmus 
695 |a diagramok 
695 |a kvantitatív módszerek 
695 |a pálinkafogyasztási szokások 
695 |a primer vizsgálatok 
695 |a SPSS 
695 |a szekunder piackutatás 
700 1 |a Totth Dr. Gedeon  |e ths 
856 4 0 |u http://dolgozattar.uni-bge.hu/59001/1/Petrovics%20Anna_P%C3%A1linka%20mint%20kultur%C3%A1lis%20%C3%B6r%C3%B6ks%C3%A9g.pdf  |z Dokumentum-elérés 
856 4 0 |u http://dolgozattar.uni-bge.hu/59001/2/Petrovics%20Anna.pdf  |z Dokumentum-elérés